Elections : (Record no. 1908)

MARC details
000 -LEADER
fixed length control field 01771cam a2200421 a 4500
001 - CONTROL NUMBER
control field 4511351
003 - CONTROL NUMBER IDENTIFIER
control field OSt
005 - DATE AND TIME OF LATEST TRANSACTION
control field 20230620161003.0
008 - FIXED-LENGTH DATA ELEMENTS--GENERAL INFORMATION
fixed length control field 980210s1997 nyu b i100 0 eng d
010 ## - LIBRARY OF CONGRESS CONTROL NUMBER
LC control number 98113753
020 ## - INTERNATIONAL STANDARD BOOK NUMBER
International Standard Book Number 9211231213
035 ## - SYSTEM CONTROL NUMBER
System control number (OCoLC)38600199
040 ## - CATALOGING SOURCE
Original cataloging agency DIDB
Transcribing agency DIDB
Modifying agency DLC
042 ## - AUTHENTICATION CODE
Authentication code lccopycat
043 ## - GEOGRAPHIC AREA CODE
Geographic area code f------
050 00 - LIBRARY OF CONGRESS CALL NUMBER
Classification number JQ1879.A5
Item number E443 1997
082 00 - DEWEY DECIMAL CLASSIFICATION NUMBER
Classification number 324.96/032
Edition number 21
Item number UNA
245 00 - TITLE STATEMENT
Title Elections :
Remainder of title perspectives on establishing democratic practices.
246 10 - VARYING FORM OF TITLE
Title proper/short title Perspectives on establishing democratic practices in developing countries
260 ## - PUBLICATION, DISTRIBUTION, ETC. (IMPRINT)
Place of publication, distribution, etc. New York :
Name of publisher, distributor, etc. United Nations,
Date of publication, distribution, etc. 1997.
300 ## - PHYSICAL DESCRIPTION
Extent v, 58 p. ;
Dimensions 28 cm.
500 ## - GENERAL NOTE
General note At head of title: United Nations Department for Development Support and Management Services.
500 ## - GENERAL NOTE
General note "These papers were presented at an African Election Administrators Colloquium held in Victoria Falls, Zimbabwe 15-18 November 1994" p. iii.
500 ## - GENERAL NOTE
General note "ST/TCD/SER.E/31."
500 ## - GENERAL NOTE
General note "United Nations publication sales no. E.97.II.H.1"--T.p. verso.
504 ## - BIBLIOGRAPHY, ETC. NOTE
Bibliography, etc Includes bibliographical references (p. 27-29).
505 0# - FORMATTED CONTENTS NOTE
Formatted contents note African elections in comparative perspective / by Joel D. Barkan -- Techniques for effective election management / by Joe Baxter.
650 #0 - SUBJECT ADDED ENTRY--TOPICAL TERM
Topical term or geographic name as entry element Elections
Geographic subdivision Africa
General subdivision Congresses.
650 #0 - SUBJECT ADDED ENTRY--TOPICAL TERM
Topical term or geographic name as entry element Election officials
Geographic subdivision Africa
General subdivision Congresses.
650 #0 - SUBJECT ADDED ENTRY--TOPICAL TERM
Topical term or geographic name as entry element Democratization
Geographic subdivision Africa
General subdivision Congresses.
700 1# - ADDED ENTRY--PERSONAL NAME
Personal name Baxter, Joe.
700 1# - ADDED ENTRY--PERSONAL NAME
Personal name Barkan, Joel D.
710 2# - ADDED ENTRY--CORPORATE NAME
Corporate name or jurisdiction name as entry element United Nations.
Subordinate unit Department for Development Support and Management Services.
906 ## - LOCAL DATA ELEMENT F, LDF (RLIN)
a 7
b cbc
c copycat
d 2
e ncip
f 19
g y-gencatlg
942 ## - ADDED ENTRY ELEMENTS (KOHA)
Source of classification or shelving scheme Dewey Decimal Classification
Koha item type Books
Holdings
Withdrawn status Lost status Source of classification or shelving scheme Damaged status Not for loan Home library Current library Date acquired Total Checkouts Full call number Barcode Date last seen Price effective from Koha item type
    Dewey Decimal Classification     County Hall Archives County Hall Archives 06/20/2023   324.96/032 UNA 10011115 06/20/2023 06/20/2023 Books
LIBRARY OPENING HOURS

When the Parliament is sitting: 8.00a.m - 7.00p.m or until the house adjourns
Mondays and Fridays and when the House is on Recess:  8.00a.m - 5.00p.m
Closed on Weekends and Public Holidays

Online Public Access Catalog (OPAC)
Website: http://www.parliament.go.ke
Bunge Library: https://libraryir.parliament.go.ke
Contact: library@parliament.go.ke | Tel no: (254-2)2221291 or 2848000 Ext 5043